| Tag |
First Indicator |
Second Indicator |
Subfields |
| LEADER |
00000cam a2200000 i 4500 |
| 001 |
in00002716621 |
| 005 |
20221123200221.4 |
| 008 |
980317s1738 fr 000 0 fre d |
| 035 |
|
|
|a (OCoLC)ocm38732586
|
| 035 |
|
|
|a (OCoLC)38732586
|
| 035 |
|
|
|a (OCoLC)ocm38732586
|
| 035 |
|
|
|a (Voyager)3921404
|
| 040 |
|
|
|a YUS
|b eng
|c YUS
|d OCL
|d GZM
|d OCLCG
|d OCLCA
|d OCLCQ
|d OCLCO
|d OCLCA
|d OCLCQ
|d OCLCA
|d OCLCF
|d OCLCQ
|d OCLCO
|d TXA
|
| 043 |
|
|
|a e-fr---
|
| 050 |
|
4 |
|a BR143.F6
|b O83 1738
|
| 100 |
1 |
|
|a Osmont du Sellier,
|d -approximately 1770.
|
| 245 |
1 |
0 |
|a Justification des Discours et de l'Histoire ecclesiastique de M. l'Abbe Fleuri.
|b Tome second où l'on repond aux reproches de l'auteur de la Bibliotheque raisonnée contre cet historien & son defenseur, & où l'on refute par occasion le P. le Corrayer sur la critique qu'il a faite de plusieurs decrets du Concile de Trente.
|
| 264 |
|
1 |
|a A Nancy :
|b Aux depens de Joseph Nicolaï,
|c M. DCC. XXXVIII. [1738]
|
| 300 |
|
|
|a xlviii, 350 pages ;
|c 17 cm
|
| 336 |
|
|
|a text
|b txt
|2 rdacontent
|
| 337 |
|
|
|a unmediated
|b n
|2 rdamedia
|
| 338 |
|
|
|a volume
|b nc
|2 rdacarrier
|
| 600 |
1 |
0 |
|a Fleury, Claude,
|d 1640-1723.
|t Discours sur les libertés de l'Eglise gallicane.
|
| 600 |
1 |
0 |
|a Fleury, Claude,
|d 1640-1723.
|t Histoire ecclésiastique.
|
| 630 |
0 |
0 |
|a Bibliothèque raisonnée des ouvrages des savans de l'Europe.
|f janvier, 1737.
|
| 600 |
1 |
0 |
|a Le Courayer, Pierre François,
|d 1681-1776.
|
| 611 |
2 |
0 |
|a Council of Trent
|d (1545-1563 :
|c Trento, Italy)
|
| 600 |
0 |
0 |
|a Augustine,
|c of Hippo, Saint,
|d 354-430.
|
| 650 |
|
0 |
|a Jansenists
|v Early works to 1800.
|
| 600 |
0 |
7 |
|a Augustine,
|c of Hippo, Saint,
|d 354-430.
|2 fast
|0 (OCoLC)fst00061554
|
| 600 |
1 |
7 |
|a Le Courayer, Pierre François,
|d 1681-1776.
|2 fast
|0 (OCoLC)fst00159419
|
| 611 |
2 |
7 |
|a Council of Trent.
|2 fast
|0 (OCoLC)fst01405600
|
| 630 |
0 |
7 |
|a Bibliothèque raisonnée des ouvrages des savans de l'Europe.
|2 fast
|0 (OCoLC)fst01370220
|
| 630 |
0 |
7 |
|a Discours sur les libertés de l'Eglise gallicane (Fleury, Claude)
|2 fast
|0 (OCoLC)fst01381292
|
| 630 |
0 |
7 |
|a Histoire ecclésiastique (Fleury, Claude)
|2 fast
|0 (OCoLC)fst01362366
|
| 700 |
1 |
|
|a Nicolai, Joseph,
|d active 1703?-1768?,
|e publisher.
|
| 948 |
|
|
|h HELD BY TXA - 3 OTHER HOLDINGS
|
| 994 |
|
|
|a Z0
|b TXA
|
| 999 |
f |
f |
|s 7a94827f-c987-30a1-9dfe-82e473a9e09d
|i 4a8a8b26-b836-3323-a905-c9a307ea7d83
|t 0
|
| 952 |
f |
f |
|p noncirc
|a Texas A&M University
|b College Station
|c Cushing Memorial Library & Archives
|d Cushing: Dawson French (Does not check out)
|t 0
|e BR143.F6 O83 1738
|h Library of Congress classification
|i unmediated -- volume
|m A1485294605B
|
| 998 |
f |
f |
|a BR143.F6 O83 1738
|s t.2
|t 0
|l Cushing: Dawson French (Does not check out)
|